Politika EU bude v zásadě nově směrována

Dopravná pilitika Európskej únie zameraná na zvládnutie klimatických zmien. Španielske predsedníctvo v EÚ. Zásadný posun k dopravným systémom s nízkymi emisiami. Hlavný dôraz kladený na využívanie železničnej a námornej dopravy. Významná téma - revízia smernice na výstavbu Transeurópskych dopravnýc...

ver descrição completa

Na minha lista:
Detalhes bibliográficos
Autor principal: Kladiva, Jiří
Formato: Capítulo de Livro
Idioma:tcheco
Assuntos:
Tags: Adicionar Tag
Sem tags, seja o primeiro a adicionar uma tag!

MARC

LEADER 00000naa$a2200000$$$4500
001 0111706
005 20231129095403.8
041 0 |a cze 
044 |a CZ 
245 1 0 |a Politika EU bude v zásadě nově směrována  |c Jiří Kladiva 
520 |a Dopravná pilitika Európskej únie zameraná na zvládnutie klimatických zmien. Španielske predsedníctvo v EÚ. Zásadný posun k dopravným systémom s nízkymi emisiami. Hlavný dôraz kladený na využívanie železničnej a námornej dopravy. Významná téma - revízia smernice na výstavbu Transeurópskych dopravných sietí. V druhej polovici roka prevezme predsedníctvo EÚ Belgicko. 
610 2 0 |a politika dopravná 
610 2 0 |a doprava železničná nákladná 
610 2 0 |a doprava námorná 
610 2 0 |a emisie 
610 2 0 |a zmeny klimatické 
610 2 0 |a Európska únia 
100 1 |a Kladiva, Jiří